Top 70 Strongest Naruto Characters - Statistics

General Stats
  • This quiz has been taken 422 times
  • The average score is 15 of 70
Answer Stats
Hint Answer % Correct
Mother Of All Justu Kaguya Otsutsuki
54%
The Nine Tails Jinchuriki Naruto Uzumaki
54%
The first Hokage Hashirama Senju
46%
The Son Of The White Fang Kakashi Hatake
44%
The 2nd Hokage Tobirama Senju
38%
The 2nd Ten Tail Jinchuriki Madara Uchiha
37%
3rd Hokage Hiruzen Sarutobi
36%
The Strongest Of The Seires No One Can Beat Him Ramen Guy
36%
Explosive Art Deidara
33%
Wood Style User Yamato
33%
Paper Lady Konan
31%
The First Ten Tail Jinchuriki Obito Uchiha
31%
The 5th Hokage Tsunade
31%
The 4th Raikage's Brother Killer Bee
30%
The 5th Kazakage Gaara
29%
The Holder Of The Rinnegon Nagato/Pain
29%
Snake Sage Mode Orochimaru
29%
One Of The Strongest Uchiha Itachi Uchiha
28%
Ice Mirror Haku
26%
Grandma Puppet Lady Chiyo
26%
Wife Of 7th Hokage Hinata Hyuga
25%
Dog Boy Kiba/Akumaru
25%
Pried Of The Hyuga Family Neji Hyuga
25%
Lord Jashin Hidan
24%
Puppet User Kankuro
24%
The Red Scorpian Of The Sand Sassori
24%
The Other Son Of The Mother Of All Jutsu Hamura Otsutsuki
23%
The Healer Of The Taka Karin
23%
One Of The Strongest Uchiha Sauske Uchiha
23%
Died Young With Strong Eyes Shisui Uchiha
23%
Pain Yahiko
23%
Mind Transformation Style Ino Yamanaka
22%
The Strength Of Youth Rock Lee
22%
Butterfly Choji Akimichi
21%
The Salamander Hanzo
21%
Shadow Style Dad Shikaku Nara
21%
Weaponist Ten Ten
21%
The Yellow Flash Of The Leaf Minato Uzumaki
20%
The 3rd Raikage A
19%
The Blue Devil Of The Leaf Might Guy
19%
Anbu Art Sai
19%
Son Of The Sage Of Six Path Indra Otsutsuki
18%
Trash Sakura Haruno
18%
Chakara Blade User Asuma Sarutobi
17%
The Butterfly's Dad Choza Akimichi
17%
3rd Tsuchikage Onoki
17%
Frog Sage Mode Jiraya
16%
Curse Mark Monster Jugo
16%
Shark Skin Sword Kisame Hoshigaki
16%
The Son Of The Mother Of Jutsu Sage Of Six Path
16%
One Of The 7 Swordsman Of The Mist Zabuza Momochi
16%
Raikage's Right Hand Man Darui
15%
The Beetle Man Shino Aburame
15%
The Mizukage's Right Hand Man Chojuro
14%
Shadow Style Shikumaru Nara
14%
Son Of The Sage Of Six Path Ushura Otsutsuki
14%
Captain Of Team 8 Kurenai Yuhi
13%
Samarai Swordsman Mifune
10%
Second Tsuchikage Muu
10%
7 Tailed Jinchuriki Utakata
9%
The 4th Raikage Ay
8%
The Mother Of All Justu's Servent Black Zetsu
8%
The Poisan Beetle Torune Aburame
8%
First Mizukage Byakuren
6%
The Second Mizukage Gengetsu Hōzuki
6%
The Mother Of All Justu's Other Servent White Zetsu
6%
Sexy Jutsu Ultimate Konahamaru Sarutobi
5%
The 10 Sharingon Hokage Donzo
1%
Dragon Sage Mode Kabouto
1%
Student Of Zabuza Momochi Suigetsu Hozuko
1%
No matching quizzes found
Score Distribution
Percent of People with Each Score
Percentile by Number Answered
Your Score History
You have not taken this quiz